000 00472nam a2200181Ia 4500
003 IN-BaIIA
008 211028s9999 xx 000 0 eng d
020 _a81-7371-1240
040 _cIIA Library
080 _a523
_bABH
100 _aAbhyankar, K. D
_914443
245 0 _aAstrophysics of the solar system
_cK. D. Abhyankar
260 _aHyderabad
_bUniversities Press
_c1999
300 _a255p.
650 _aAstrophysics
_9794
650 _aSolar System
942 _cBK
999 _c18594
_d18594